La Bachata- Manuel Turizo - Estadísticas

Estadísticas generales
  • Esta prueba ha sido intentada 230 veces
  • La puntuación promedio es 183 de 228
Estadísticas de respuestas
Letras % Correcto
a
97%
de
94%
la
94%
por
94%
Te
94%
te
94%
me
93%
que
93%
lo
92%
no
92%
pero
91%
se
91%
tu
91%
las
90%
calles
87%
es
87%
un
87%
y
87%
ando
85%
canciones
84%
pa
84%
dia
83%
Insta
83%
memoria
83%
otra
83%
si
83%
tus
82%
veo
82%
dedicaste
81%
Dios
81%
hiciste
81%
historias
81%
manejando
81%
numero
81%
besaste
80%
bloquee
80%
borre
80%
cuenta
80%
en
80%
extrano
80%
dano
79%
le
78%
cuide
76%
pide
76%
asi
75%
diria
74%
pido
73%
oyendo
72%
volvieras
72%
complicado
71%
eso
71%
mejor
71%
olvidar
71%
voy
71%
hago
70%
aun
69%
recordar
69%
ti
66%
yo
62%
gusta
61%
todo
61%
una
61%
mi
60%
dos
58%
tres
58%
relacion
57%
aunque
56%
como
56%
hicimos
56%
quiero
56%
ensenaste
55%
eramos
55%
parezca
54%
perdon
54%
cualquiera
53%
enamores
52%
ojala
50%
porque
49%
amar
48%
hice
45%
mismo
43%
quieran
43%
haga
42%
perdono
42%
caer
40%
verdad
38%
tambien
37%
olvide
31%
dije
29%
Manuel
29%
Turizo
28%
pidale
8%
No se encontraron pruebas coincidentes
Distribución de puntuación
Porcentaje de gente con cada puntuación
Porcentaje por número respondido
Historial de tus puntuaciones
No has intentado esta prueba.